Communication in nursing : communicating assertively and responsively in nursing : a guidebook (Record no. 4324)

MARC details
000 -LEADER
fixed length control field 00667nam a22002057a 4500
003 - CONTROL NUMBER IDENTIFIER
control field OSt
005 - DATE AND TIME OF LATEST TRANSACTION
control field 20250829032014.0
008 - FIXED-LENGTH DATA ELEMENTS--GENERAL INFORMATION
fixed length control field 250829b |||||||| |||| 00| 0 eng d
020 ## - INTERNATIONAL STANDARD BOOK NUMBER
International Standard Book Number 0-8151-0562-2.
040 ## - CATALOGING SOURCE
Original cataloging agency DWCL-Admin lib
Transcribing agency OC
082 ## - DEWEY DECIMAL CLASSIFICATION NUMBER
Classification number Circ. 610.73 B219c 1996
100 ## - MAIN ENTRY--PERSONAL NAME
Personal name Blazer Julia W.
245 ## - TITLE STATEMENT
Title Communication in nursing : communicating assertively and responsively in nursing : a guidebook
Statement of responsibility, etc. Julia W. Blazer
260 ## - PUBLICATION, DISTRIBUTION, ETC.
Name of publisher, distributor, etc. St. Louis :
Place of publication, distribution, etc. Mosby,
Date of publication, distribution, etc. c1996.
300 ## - PHYSICAL DESCRIPTION
Extent xxiii, 471 p. ;
Dimensions 21 cm.
504 ## - BIBLIOGRAPHY, ETC. NOTE
Bibliography, etc. note Includes index.
650 ## - SUBJECT ADDED ENTRY--TOPICAL TERM
Topical term or geographic name entry element 1. Interpersonal Communication.
650 ## - SUBJECT ADDED ENTRY--TOPICAL TERM
Topical term or geographic name entry element 2. Nurse and Patient.
942 ## - ADDED ENTRY ELEMENTS (KOHA)
Source of classification or shelving scheme Dewey Decimal Classification
Koha item type Book Circulation
Edition 3rd Ed.
Call number prefix Circ.
Suppress in OPAC No

No items available.